Κατάλογος Βιβλιοθηκών Mediterranean College

Accounting for Non-Accounting Students / Fourth Edition (Record no. 547)

MARC details
000 -LEADER
fixed length control field 01241cam a22002054a 4500
005 - ΗΜΕΡΟΜΗΝΙΑ ΚΑΙ ΩΡΑ ΤΕΛΕΥΤΑΙΑΣ ΕΝΗΜΕΡΩΣΗΣ
Πεδίο ελέγχου 20250605163938.0
008 - FIXED-LENGTH DATA ELEMENTS--GENERAL INFORMATION
Πεδίο ελέγχου σταθερού μήκους 250528s ||||||||||||||||||||||||d
035 ## - SYSTEM CONTROL NUMBER
System control number 14937
020 ## - ISBN
ISBN 273625756
040 ## - ΠΗΓΗ ΚΑΤΑΛΟΓΟΓΡΑΦΗΣΗΣ
Φορέας πρωτότυπης καταλογογράφησης MC Athens Campus Library
Γλώσσα καταλογογράφησης Ελληνικά, Μοντέρνα (1453-)
Modifying agency MC Athens Campus Library
Κανόνες περιγραφικής καταλογογράφησης AACR2
245 1# - ΤΙΤΛΟΣ ΚΑΙ ΔΗΛΩΣΗ ΥΠΕΥΘΥΝΟΤΗΤΑΣ
Τίτλος Accounting for Non-Accounting Students / Fourth Edition
250 ## - EDITION STATEMENT
Edition statement 4th
260 ## - PUBLICATION, DISTRIBUTION, ETC.
Name of publisher, distributor, etc. Pitman Publishing,
Date of publication, distribution, etc. 1997
300 ## - PHYSICAL DESCRIPTION
Extent 546
520 ## - SUMMARY, ETC.
Summary, etc. This book covers the basic principles of both financial and management accounting. Preface, Acknowledgements, Introduction to Accounting, The Accounting World, Financial Accounting, Accounting Rules, Recording Data, Basic Financial Accounts, Accounting for Adjustments, Manufacturing Accounts, Company Accounts, Financial Performance, Cash Flow Statements, Interpretation of Accounting Data, Financial Reporting, Disclosure of Information, The Annual Report, Contemporary Issues in Financial Reporting, Cost Accounting, Direct Costs, Absorption Costing, Marginal Costing, Planning and Control, Budgetary Planning Systems, Standard Costing Systems, Capital Expenditure and Investment, Contemporary Issues in Management Accounting, Appendices, Index.
700 1# - ΠΡΟΣΘΕΤΗ ΑΝΑΓΡΑΦΗ--ΦΥΣΙΚΟ ΠΡΟΣΩΠΟ
Personal name Dyson J.R
9 (RLIN) 747
942 ## - ADDED ENTRY ELEMENTS (KOHA)
Koha item type Books
Holdings
Τύπος τεκμηρίου Βιβλιοθήκη Τρέχουσα τοποθεσία Barcode Αριθμός εισαγωγής Ημερομηνία απόκτησης Ταξιθετικό σύμβολο Αριθμός αντιτύπου Κατάσταση απόσυρσης Κατάσταση χαμένου Κατάσταση κατεστραμμένου Μη δανεισμός Σύνολο δανεισμών Ημερομηνία τελευταίας εμφάνισης Η τιμή ισχύει από
Books MC Athens Campus Library MC Athens Campus Library 9780000005465 1161 05/06/2025 657 DYS 2           05/06/2025 05/06/2025

MC Athens Campus Library
Πατησίων 94 & Κοδριγκτώνος 13, 104 34
Πελλήνης 8 & Πατησίων 107, 112 51
Τ: +30 210 8899600

MC Thessaloniki Campus Library
Ίωνος Δραγούμη 21, 54625 | Ίωνος Δραγούμη 15, 54625
Τ: +30 2310 287779 – Τ: +30 2314 440300